| 000 | 01544nam a2200409 a 4500 | ||
|---|---|---|---|
| 001 | 000110703 | ||
| 003 | CHAP | ||
| 005 | 20220817044642.0 | ||
| 008 | 140929s2013 mx a |sm |||||||spa d | ||
| 010 | _a107165 | ||
| 011 | _a108137 | ||
| 040 | _cCHAP | ||
| 090 | _aTesis | ||
| 100 | 1 |
_aBarajas Pérez, Maricruz _9128524 |
|
| 245 | 1 | 0 |
_aMujeres indígenas rurales y desarrollo comunitario, bosque mujeres identidad. El caso de San Benito, Michoacán. _h[En línea] _cpor Maricruz Barajas Pérez. |
| 260 |
_aMorelia, Mich. : _bEl autor, _c2013. |
||
| 500 | _aPara ver el contenido del material haga clic en la liga | ||
| 502 | _aTesis (M. C. en Desarrollo rural Regional ) -- UACH. Departamento Desarrollo rural Regional | ||
| 590 |
_aBATCH-UPD _b05 _c20141002 _lUCH01 _h0758 |
||
| 590 |
_aBATCH _b00 _c20181121 _lUCH01 _h0758 |
||
| 590 |
_aE11695DGD _b10 _c20141010 _lUCH01 _h1440 |
||
| 590 |
_aE5995AHE _b05 _c20140929 _lUCH01 _h0924 |
||
| 590 |
_aE5995AHE _b05 _c20140929 _lUCH01 _h0926 |
||
| 590 |
_aE5995AHE _b05 _c20140929 _lUCH01 _h0933 |
||
| 590 |
_aE5995AHE _b05 _c20140929 _lUCH01 _h1013 |
||
| 650 | 1 | 4 |
_aBosques _xPreservación. |
| 650 | 1 | 4 |
_aBosques _zMichoacán. _914418 |
| 650 | 1 | 4 |
_aDesarrollo de la comunidad rural _xMichoacán. _932015 |
| 650 | 1 | 4 |
_aMarginalidad social. _971348 |
| 650 | 1 | 4 |
_aMujeres inmigrantes. _9126941 |
| 650 | 1 | 4 |
_aMujeres _xViolencia contra. _9126942 |
| 856 |
_a1 _n0000728 |
||
| 856 |
_aFinding aid _uhttp://10.13.5.2/tesis/sist110703.pdf _zTeclea aquí |
||
| 901 | _aBK | ||
| 942 | _cTESIS | ||
| 942 | _n0 | ||
| 999 |
_c107165 _d107165 |
||